| 000 | 00846cam a2200253 a 4500 | ||
|---|---|---|---|
| 001 | 000003756 | ||
| 005 | 20200929150546.0 | ||
| 008 | 780517s1987 sp 000 f spa d | ||
| 020 | _a8434585316 | ||
| 040 |
_aDO-SdBNP _bspa _cBNPHU |
||
| 041 | 1 | 7 |
_aspa _heng |
| 082 |
_a823.914 _bM346m |
||
| 100 | 1 |
_aMarkstein, George. _911425 |
|
| 240 | 1 | 0 |
_aChance awakening. _lEspañol |
| 245 | 1 | 0 |
_aManténgase alerta / _cGeorge Markstein ; traducción Teresa Piossek Prebisch. |
| 260 |
_aBarcelona : _bSalvat Editores, S.A., _c1987. |
||
| 300 |
_a226 p. ; _c19 cm. |
||
| 440 | 0 |
_aColección _pNovela y ocio _v64 _911426 |
|
| 534 |
_pTítulo original: _tChance awakening |
||
| 650 | 4 |
_aLiteratura inglesa _ySIGLO XX. _94369 |
|
| 650 | 4 |
_aNovela inglesa _ySIGLO XX. _911427 |
|
| 650 | 4 |
_aEspionaje _vNOVELA. _911428 |
|
| 700 | 1 |
_aPiossek Prebisch, Teresa. _911429 |
|
| 999 |
_c3578 _d3578 |
||